Ekstremalny Quiz Flag I - Statystyki

Ogólne statystyki
  • Ten quiz został rozwiązany 25 razy
  • Średni wynik to 10 z 15
Statystyki odpowiedzi
Zagadnienie Odpowiedź % Poprawnych
Wskaż flagę Laosu
90%
Wskaż poprawną flagę Seszeli
85%
Wskaż flagę Wysp Alandzkich
80%
Tylko jedna z przedstawionych flag nie reprezentuje kraju na literę T. Która?
75%
Która to flaga Sint Maarten?
75%
Białoruska opozycja demokratyczna i środowiska emigracyjne za narodową flagę Białorusi uznają:
75%
Wskaż flagę Gwatemali
75%
Wskaż flagę Sycylii
75%
Wskaż flagę Mali
65%
Wskaż flagę Palestyny
60%
Jaką flagę mają Bermudy – brytyjskie terytorium zamorskie położone w północno-zachodniej części Oceanu Atlantyckiego?
60%
Która z flag jest aktualną flagą Syrii (stan na 2025)?
55%
Wskaż flagę wyspy Św. Heleny
45%
Do reprezentowania Reunion (terytorium zamorskie Francji) jest używanych kilka flag. Która w żaden sposób nie łączy się z tym terytorium?
45%
Wskaż flagę Górskiego Karabachu
40%
Nie znaleziono quizów pasujących do podanych kryteriów
Rozkład punktacji
Procent ludzi z każdym wynikiem
Percentyl według liczby udzielonych odpowiedzi
Twoja historia wyników
Nie rozwiązałeś tego quizu